Michael Cacoyannis' Zorba the Greek (Record no. 67273)

MARC details
000 -LEADER
campo de control de longitud fija 03339cgm a2200685Ia 4500
001 - NÚMERO DE CONTROL
campo de control 39415
005 - FECHA Y HORA DE LA ÚLTIMA TRANSACCIÓN
campo de control 20230410123842.0
007 - CAMPO FIJO DE DESCRIPCIÓN FÍSICA--INFORMACIÓN GENERAL
campo de control de longitud fija vd bvaizk
008 - DATOS DE LONGITUD FIJA--INFORMACIÓN GENERAL
campo de control de longitud fija 040720p20041964cau142 vleng d
035 ## - NÚMERO DE CONTROL DEL SISTEMA
Número de control de sistema (OCoLC)ocm55977539
040 ## - FUENTE DE CATALOGACIÓN
Centro catalogador/agencia de origen TEFMT
Centro/agencia transcriptor TEFMT
Centro/agencia modificador SRB
-- LML
-- RCS
-- OCLCQ
024 1# - IDENTIFICADOR DE OTROS ESTÁNDARES
Número estándar o código 024543115687
035 ## - NÚMERO DE CONTROL DEL SISTEMA
Número de control de sistema (OCoLC)55977539
041 1# - CÓDIGO DE IDIOMA
Código de lengua del texto/banda sonora o título independiente eng
-- fre
-- spa
Código de lengua del sumario o resumen eng
-- spa
Código de lengua original eng
043 ## - CÓDIGO DE ÁREA GEOGRÁFICA
Código de área geográfica e-gr---
082 04 - NÚMERO DE LA CLASIFICACIÓN DECIMAL DEWEY
Número de clasificación 791.43/72
Número de edición 22
050 14 - SIGNATURA TOPOGRÁFICA DE LA BIBLIOTECA DEL CONGRESO
Número de clasificación CM DVD 00854
049 ## - FONDOS LOCALES (OCLC)
Biblioteca depositaria GRAL
245 00 - MENCIÓN DEL TÍTULO
Título Michael Cacoyannis' Zorba the Greek
Medio [videorecording] /
Mención de responsabilidad, etc. 20th Century Fox ; screenplay by Michael Cacoyannis ; produced and directed by Michael Cacoyannis.
246 30 - FORMA VARIANTE DEL TITULO
Título propio/Titulo breve Zorba the Greek
260 ## - PUBLICACIÓN, DISTRIBUCIÓN, ETC.
Lugar de publicación, distribución, etc. Beverly Hills, Calif. :
Nombre del editor, distribuidor, etc. 20th Century Fox Home Entertainment,
Fecha de publicación, distribución, etc. c2004.
300 ## - DESCRIPCIÓN FÍSICA
Extensión 1 videodisc (ca. 142 min.) :
Otras características físicas sd., b&w ;
Dimensiones 4 3/4 in.
490 1# - MENCIÓN DE SERIE
Mención de serie Studio classics
538 ## - NOTA DE DETALLES DEL SISTEMA
Nota de detalles del sistema DVD, region 1, anamorphic widescreen (1.85:1) presentation; Dolby Digital stereo., Dolby Digital mono.
546 ## - NOTA DE IDIOMA
Nota de lengua/lenguaje English, Spanish, or French with English or Spanish subtitles; closed-captioned.
511 1# - NOTA DE PARTICIPANTES O INTÉRPRETES
Nota de participantes o intérpretes Lila Kedrova, Anthony Quinn, Alan Bates, Irene Pappas, Sotiris Moustakas, Anna Kyriakou, Eleni Anousaki, George Voyadjis, Takis Emmanuel, George Foundas.
508 ## - NOTA DE CRÉDITOS DE CREACIÓN O PRODUCCIÓN
Nota de créditos de creación o producción Director of photography, Walter Lassally ; music, Mikis Theodorakis.
500 ## - NOTA GENERAL
Nota general Originally issued as a motion picture in 1964.
500 ## - NOTA GENERAL
Nota general From the novel by Nikos Kazantzakis.
500 ## - NOTA GENERAL
Nota general Series from container.
518 ## - NOTA DE FECHA/HORA Y LUGAR DE UN ACONTECIMIENTO
Nota de fecha/hora y lugar de un acontecimiento Filmed on Crete.
521 8# - NOTA DE PÚBLICO DESTINATARIO
Nota de público destinatario MPAA rating: Not rated.
520 ## - RESUMEN, ETC.
Sumario, etc. A young British writer moves to Crete to find himself by working in his father's mine, and hires the playful Zorba. He falls in love with a lovely young widow. When she responds to him the townsmen attack her.
586 ## - NOTA DE PREMIOS
Nota de premios Academy Awards for Best Cinematography (B & W), Best Supporting Actress (Kedrova), and Best Art Direction/Set Decoration (B & W); Academy Award Nominations for Best Picture, Best Actor (Quinn), Best Director, and Best Adapted Screenplay.
500 ## - NOTA GENERAL
Nota general Side A: feature; side B: supplemental.
500 ## - NOTA GENERAL
Nota general Special features: commentary by Michael Cacoyannis, alternate introduction, "Anthony Quinn : A Lust for Life" A & E Network Biography, Movietone news footage, theatrical trailers, behind-the-scenes still gallery.
500 ## - NOTA GENERAL
Nota general Special features not rated or closed-captioned.
650 #0 - PUNTO DE ACCESO ADICIONAL DE MATERIA--TÉRMINO DE MATERIA
Término de materia o nombre geográfico como elemento de entrada Authors, English
Subdivisión geográfica Greece
-- Crete
Subdivisión de forma Drama.
650 #0 - PUNTO DE ACCESO ADICIONAL DE MATERIA--TÉRMINO DE MATERIA
Término de materia o nombre geográfico como elemento de entrada Miners
Subdivisión geográfica Greece
-- Crete
Subdivisión de forma Drama.
650 #0 - PUNTO DE ACCESO ADICIONAL DE MATERIA--TÉRMINO DE MATERIA
Término de materia o nombre geográfico como elemento de entrada Love
Subdivisión de forma Drama.
651 #0 - PUNTO DE ACCESO ADICIONAL DE MATERIA--NOMBRE GEOGRÁFICO
Nombre geográfico Crete (Greece)
Subdivisión general Social life and customs
Subdivisión de forma Drama.
650 #7 - PUNTO DE ACCESO ADICIONAL DE MATERIA--TÉRMINO DE MATERIA
Término de materia o nombre geográfico como elemento de entrada Autores ingleses
Subdivisión geográfica Grecia
-- Crete
Subdivisión de forma Teatro.
Fuente del encabezamiento o término bidex
650 #7 - PUNTO DE ACCESO ADICIONAL DE MATERIA--TÉRMINO DE MATERIA
Término de materia o nombre geográfico como elemento de entrada Mineros
Subdivisión geográfica Grecia
-- Crete
Subdivisión de forma Teatro.
Fuente del encabezamiento o término bidex
655 #0 - TERMINO DE INDIZACIÓN--GENERO/FORMA
Datos o término principal de género/forma Feature films.
655 #0 - TERMINO DE INDIZACIÓN--GENERO/FORMA
Datos o término principal de género/forma Video recordings for the hearing impaired.
700 1# - ENTRADA AGREGADA--NOMBRE PERSONAL
Nombre de persona Cacoyannis, Michael.
700 1# - ENTRADA AGREGADA--NOMBRE PERSONAL
Nombre de persona Kedrova, Lila.
700 1# - ENTRADA AGREGADA--NOMBRE PERSONAL
Nombre de persona Quinn, Anthony,
Fechas asociadas al nombre 1915-2001.
700 1# - ENTRADA AGREGADA--NOMBRE PERSONAL
Nombre de persona Bates, Alan,
Fechas asociadas al nombre 1934-2003.
700 1# - ENTRADA AGREGADA--NOMBRE PERSONAL
Nombre de persona Papas, Irene.
700 1# - ENTRADA AGREGADA--NOMBRE PERSONAL
Nombre de persona Voyagis, Yorgo.
700 1# - ENTRADA AGREGADA--NOMBRE PERSONAL
Nombre de persona Foundas, George.
700 1# - ENTRADA AGREGADA--NOMBRE PERSONAL
Nombre de persona Lassally, Walter,
Fechas asociadas al nombre 1926-
700 1# - ENTRADA AGREGADA--NOMBRE PERSONAL
Nombre de persona Kazantzakis, Nikos,
Fechas asociadas al nombre 1883-1957.
710 2# - ENTRADA AGREGADA--NOMBRE DE ENTIDAD CORPORATIVA
Nombre de entidad corporativa o nombre de jurisdicción como elemento de entrada Twentieth Century-Fox Film Corporation.
710 2# - ENTRADA AGREGADA--NOMBRE DE ENTIDAD CORPORATIVA
Nombre de entidad corporativa o nombre de jurisdicción como elemento de entrada Twentieth Century Fox Home Entertainment, Inc.
830 #0 - PUNTO DE ACCESO ADICIONAL DE SERIE-TÍTULO UNIFORME
Título uniforme Studio classic ;
Designación de volumen o secuencia 21.
942 ## - ELEMENTOS DE ENTRADA SECUNDARIOS (KOHA)
Fuente del sistema de clasificación o colocación Clasificación de Library of Congress
Tipo de ítem Koha
994 ## -
-- C0
-- DRFGD
Holdings
Estatus retirado Estado de pérdida Fuente del sistema de clasificación o colocación Estado de daño No para préstamo Biblioteca de origen Biblioteca actual Ubicación en estantería Fecha de adquisición Signatura topográfica completa Código de barras Visto por última vez Copia número Tipo de ítem Koha
    Clasificación de Library of Congress     Biblioteca Juan Bosch Biblioteca Juan Bosch Colección Multimedia (Humanidades 4to. Piso) 10/04/2023 CM DVD 00854 00000040295 25/10/2018 1